| 000 | 00638nam a2200217 i 4500 | ||
|---|---|---|---|
| 001 | bg | ||
| 100 | 1 |
_aGe~7lfand, Izrail Moiseevič _d(1913- ). |
|
| 245 | 0 |
_aFunkcii i grafiki / _cI. M. Ge~7lfand, E. G. Glagoleva, E. E. Snol'. |
|
| 250 | _aIzd. 4, ispr. | ||
| 260 |
_aMoskva : _bIzdat. "Nauka", _c1971. |
||
| 300 |
_as. 94 : _bilustr. |
||
| 490 | 1 |
_aBiblioteka Fiziko-matematiceskoj skoly ; _vVyp. 2 |
|
| 700 | 1 | _aGLAGOLEVA, E. G. | |
| 700 | 1 | _aSNOL', E. E. | |
| 830 | _aBiblioteka Fiziko-matematiceskoj skoly ; | ||
| 040 | _cBPK | ||
| 041 | _apol | ||
| 080 | _a517 | ||
| 942 | _cKS | ||
| 008 | s pl f |000 0 pol | ||
| 999 |
_c14108 _d14108 |
||